BIBLIOTECA

SENCICO

de lo bello de las cosas : Materiales para una estadística del diseño (Registro nro. 755)

Detalles MARC
000 -LEADER
fixed length control field 00587nam a2200241Ia 4500
005 - DATE AND TIME OF LATEST TRANSACTION
control field 20251020182448.0
008 - FIXED-LENGTH DATA ELEMENTS--GENERAL INFORMATION
fixed length control field 200515s9999 xx 000 0 und d
020 ## - INTERNATIONAL STANDARD BOOK NUMBER
International Standard Book Number 978-84-252-2223-8
082 ## - DEWEY DECIMAL CLASSIFICATION NUMBER
Classification number 608.6:307/C18
100 ## - MAIN ENTRY--PERSONAL NAME
Personal name Calvera, Anna
245 #0 - TITLE STATEMENT
Title de lo bello de las cosas : Materiales para una estadística del diseño
260 ## - PUBLICATION, DISTRIBUTION, ETC.
Place of publication, distribution, etc. Barcelona
260 ## - PUBLICATION, DISTRIBUTION, ETC.
Name of publisher, distributor, etc. Gustavo Gili
260 ## - PUBLICATION, DISTRIBUTION, ETC.
Date of publication, distribution, etc. 2007
300 ## - PHYSICAL DESCRIPTION
Extent 222
300 ## - PHYSICAL DESCRIPTION
Other physical details il.
490 ## - SERIES STATEMENT
Series statement Colección GC Diseño
500 ## - GENERAL NOTE
General note 1 ejemplar
650 ## - SUBJECT ADDED ENTRY--TOPICAL TERM
Topical term or geographic name entry element DISEÑO
650 ## - SUBJECT ADDED ENTRY--TOPICAL TERM
Topical term or geographic name entry element ESTETICA
942 ## - ADDED ENTRY ELEMENTS (KOHA)
Koha item type Libros
Existencias
Fecha de la última vez que lo usaron Pago total Signatura topográfica completa Código de barras Precio efectivo desde Tipo de documento Estado perdido Estado dañado No es para préstamo Retirado Ubicación permanente Ubicación actual Fecha de adquisición
15/05/2020   608.6:307/C18 Bib-Lima15050755 15/05/2020 Libros         Biblioteca Central Lima Biblioteca Central Lima 15/05/2020